LEADER 01475nam a2200289 a 4500 001 000000162203 003 CaOOAMICUS 005 20170724092236.0 008 170724s2017 it u000 u ita r 020 $a978-88-14-19004-9* 032 $aLibriCat 040 $aPUL$bita 082 04$a345.45 100 1 $aTenore, Vito.$0(OLS)http://pul/name/104021 245 10$aStudio sul procedimento disciplinare nel pubblico impiego :$bdopo la Legge anticorruzione e la Riforma Madia (L. 7 agosto 2015, n. 214) normativa, giurisprudenza, dottrina /$cVito Tenore ; presentazione di Raffaele Cantone. 260 $aMilano :$bGiuffrè,$c©2017. 300 $aXXIX, 845 p. ;$c24 cm. 650 4$aDiritto penale$xReati contro la pubblica amministrazione.$0(OLS)http://pul/subject/39028 700 1 $aCantone, Raffaele.$0(OLS)http://pul/name/96481 850 $aPUL 852 $aPUL$W1$xSL Diritto e Scienze Sociali 3$y79$m345. 45 TENVI 1$j186190$qDDC 21$B189411$CPULBib$Z2$F189411 $H130027 $81 941 1 $a9 996 $6020$a978-88-14-19004-9*$9(OLS)http://pul/number/163044 996 $6082$a345.45$9(OLS)http://pul/classification/371 996 $6245$aStudio sul procedimento disciplinare nel pubblico impiego :$bdopo la Legge anticorruzione e la Riforma Madia (L. 7 agosto 2015, n. 214) normativa, giurisprudenza, dottrina$9(OLS)http://pul/title/201968 996 $6260$aMilano :$bGiuffrè$9(OLS)http://pul/publisher/48401 LEADER 01194nam a2200277 a 4500 001 000000142662 003 CaOOAMICUS 005 20150409101237.0 008 150409n it u000 u ita r 040 $aPUL$bita 100 1 $aLuzzati, Michele,$d1939-$0(OLS)http://pul/name/12081 245 10$aFirenze e l'area toscana nel Medioevo /$cMichele Luzzati. 260 $a[Torino] :$bUTET,$c[s.d.] 300 $aP. 202-466 ;$c24 cm 500 $aInclude indici e riferimenti bibliografici. 500 $aEstratto dalla Storia d'Italia diretta da Giuseppe Galasso. 651 4$aFirenze$xStoria$yEvo Medio.$0(OLS)http://pul/subject/24503 651 4$aToscana$xStoria$yEvo medio.$0(OLS)http://pul/subject/24504 700 1 $aGalasso, Giuseppe,$d1929-2018.$0(OLS)http://pul/name/486 850 $aPUL 852 $aPUL$W1$xDP1 Fondo Capitani$y116$m10 G 23$j120679$qFondi$B164794$CPULBib$Z2$F164794 $HCap497 $82 941 1 $a1 961 $aNota ms. di possesso: Capitani. Dedica autografa dell'A. 996 $6245$aFirenze e l'area toscana nel Medioevo$9(OLS)http://pul/title/180601 996 $6260$a[Torino] :$bUTET$9(OLS)http://pul/publisher/60091